| 000 | 00675nam a2200205 i 4500 | ||
|---|---|---|---|
| 001 | 51464 | ||
| 003 | ES-MaACL | ||
| 005 | 20230906162352.0 | ||
| 007 | t| | ||
| 008 | 030813s1965 sp ||||1| spa d | ||
| 100 | 1 |
_aChastel, André. _938168 |
|
| 245 | 1 | 3 |
_aEl renacimiento meridional _b: Italia 1460-1500 / _cAndré Chastel ; traducción de Arturo del Hoyo. |
| 260 |
_a[Madrid] : _bAguilar, _c[1965] |
||
| 300 |
_aX, 384 p. 42 lám. : _b1 map. ; _c28 cm. |
||
| 490 | 1 | _aEl universo de las formas | |
| 700 | 1 |
_aHoyo, Arturo del, _d1917-2004 _964424 |
|
| 830 | 0 |
_aEl universo de las formas _9181490 |
|
| 852 |
_aES-MaACL _jE-6954 _bR.51282 |
||
| 999 |
_c51464 _d51464 |
||